[Event "Charlesbourg Millenium op"]
[Site "Charlesbourg CAN"]
[Date "2004.11.29"]
[Round "2"]
[White "Caron, Sebastien"]
[Black "Chevalier, Philippe"]
[Result "1-0"]
[WhiteElo "1833"]
[BlackElo "1570"]
[PlyCount "61"]
[GameId "2160767911052466"]
[EventDate "2004.11.22"]
[EventType "swiss"]
[EventRounds "5"]
[EventCountry "CAN"]
[SourceTitle "EXT 2006"]
[Source "ChessBase"]
[SourceDate "2005.11.24"]
[SourceVersion "1"]
[SourceVersionDate "2005.11.24"]
[SourceQuality "1"]

1. e4 c5 2. Nf3 Qc7 3. Nc3 Nf6 4. d4 e6 5. g3 Nc6 6. Bf4 Qa5 7. Bd2 Qc7 8. Nb5 Qb6 9. Bf4 e5 10. dxe5 Nxe4 11. Qd5 Qa5+ 12. c3 a6 13. Nc7+ Qxc7 14. Qxe4 Ne7 15. e6 f5 16. Qd3 Qc6 17. O-O-O d5 18. Bg2 Bxe6 19. Rhe1 O-O-O 20. Qe2 Bg8 21. Qe5 Ng6 22. Qxf5+ Qd7 23. Qxd7+ Kxd7 24. Ne5+ Nxe5 25. Rxe5 Bd6 26. Bxd5 Bxe5 27. Bxg8+ Ke7 28. Re1 Rhxg8 29. Rxe5+ Kf6 30. Rxc5 Rge8 31. Bg5+ 1-0

[Event "Charlesbourg Millenium op"]
[Site "Charlesbourg CAN"]
[Date "2004.11.29"]
[Round "2"]
[White "Coulon, Dominic"]
[Black "Beaudoin, Stephane"]
[Result "1/2-1/2"]
[WhiteElo "1716"]
[BlackElo "2086"]
[PlyCount "54"]
[GameId "2160767911052467"]
[EventDate "2004.11.22"]
[EventType "swiss"]
[EventRounds "5"]
[EventCountry "CAN"]
[SourceTitle "EXT 2006"]
[Source "ChessBase"]
[SourceDate "2005.11.24"]
[SourceVersion "1"]
[SourceVersionDate "2005.11.24"]
[SourceQuality "1"]

1. e4 g6 2. d4 Bg7 3. c4 d6 4. Nc3 Nc6 5. Be3 e5 6. d5 Nce7 7. Qd2 f5 8. f3 f4 9. Bf2 Nf6 10. g4 O-O 11. Nge2 a6 12. b4 Kh8 13. h3 a5 14. b5 Nd7 15. Nc1 Ng8 16. a4 Nh6 17. Nb3 Qe7 18. Bd3 Nf7 19. h4 Nc5 20. Nxc5 dxc5 21. O-O-O h6 22. h5 g5 23. Qb2 b6 24. Ne2 Nd6 25. Be1 Bd7 26. Bc3 Rae8 27. Rhg1 Bc8 1/2-1/2

[Event "Charlesbourg Millenium op"]
[Site "Charlesbourg CAN"]
[Date "2004.11.29"]
[Round "2"]
[White "Gago, Nelson"]
[Black "Bourassa, Samuel"]
[Result "0-1"]
[WhiteElo "1852"]
[BlackElo "1587"]
[PlyCount "85"]
[GameId "2160767911052468"]
[EventDate "2004.11.22"]
[EventType "swiss"]
[EventRounds "5"]
[EventCountry "CAN"]
[SourceTitle "EXT 2006"]
[Source "ChessBase"]
[SourceDate "2005.11.24"]
[SourceVersion "1"]
[SourceVersionDate "2005.11.24"]
[SourceQuality "1"]

1. c4 g6 2. g3 Bg7 3. Bg2 Nf6 4. Nc3 O-O 5. Nf3 Re8 6. O-O e5 7. d3 c6 8. Bg5 a5 9. Qd2 Na6 10. Ne4 Nc7 11. c5 Ne6 12. Nd6 Nxg5 13. Nxg5 Re7 14. f4 exf4 15. Qxf4 h6 16. Nge4 Nxe4 17. Bxe4 f5 18. Bf3 b6 19. d4 bxc5 20. dxc5 Bxb2 21. Rad1 Qf8 22. Qc4+ Kh7 23. e4 Ba6 24. Qc2 Bxf1 25. Qxb2 Bh3 26. exf5 Bxf5 27. Qd4 Be6 28. Be4 Bxa2 29. Rf1 Qg7 30. Rf6 Rxe4 31. Nxe4 Bd5 32. Qf2 Rb8 33. Nc3 Be6 34. h4 Bf5 35. Qd4 Rf8 36. Rd6 Qxd4+ 37. Rxd4 Kg7 38. Ne2 Ra8 39. h5 gxh5 40. Nf4 Bg4 41. Rd6 a4 42. Nd3 a3 43. Ne5 0-1

[Event "Charlesbourg Millenium op"]
[Site "Charlesbourg CAN"]
[Date "2004.11.29"]
[Round "2"]
[White "Gaudreau, Eric"]
[Black "Laflamme, Simon"]
[Result "0-1"]
[WhiteElo "1628"]
[BlackElo "1903"]
[PlyCount "106"]
[GameId "2160767911052469"]
[EventDate "2004.11.22"]
[EventType "swiss"]
[EventRounds "5"]
[EventCountry "CAN"]
[SourceTitle "EXT 2006"]
[Source "ChessBase"]
[SourceDate "2005.11.24"]
[SourceVersion "1"]
[SourceVersionDate "2005.11.24"]
[SourceQuality "1"]

1. Nf3 g6 2. e4 c5 3. Nc3 Bg7 4. d4 cxd4 5. Nxd4 Nc6 6. Be3 d6 7. Qd2 Bd7 8. f3 Rc8 9. g4 Ne5 10. Be2 Nc4 11. Bxc4 Rxc4 12. h4 Nf6 13. Nde2 Qa5 14. Bh6 O-O 15. Bxg7 Kxg7 16. h5 Rh8 17. hxg6 fxg6 18. Qh6+ Kf7 19. O-O-O b5 20. g5 Ng8 21. Qh2 b4 22. Rd5 Qc7 23. Nf4 bxc3 24. b3 Rc5 25. Rd3 h5 26. Nd5 Qa5 27. a4 Bb5 28. Qf4+ Ke8 29. Rd4 Bc6 30. Ne3 Qc7 31. Rd3 Rh7 32. Qg3 Bb7 33. Rd4 e5 34. Rd3 Ne7 35. Ng4 Rf7 36. Nf6+ Kf8 37. Rhd1 Nc8 38. f4 exf4 39. Qxf4 Re5 40. Rd4 Qe7 41. Qe3 Rxg5 42. Qxg5 Qxf6 43. Qb5 Qf4+ 44. Kb1 Qe5 45. Qc4 Qc5 46. Qxc5 dxc5 47. Rc4 Rc7 48. Rxc3 Bxe4 49. b4 h4 50. Rc4 Bf5 51. Rxh4 cxb4 52. Rh8+ Kg7 53. Rh2 b3 0-1

[Event "Charlesbourg Millenium op"]
[Site "Charlesbourg CAN"]
[Date "2004.11.29"]
[Round "2"]
[White "Lapierre, Gaetan"]
[Black "Boissinot, Claude"]
[Result "0-1"]
[WhiteElo "1899"]
[BlackElo "1524"]
[PlyCount "54"]
[GameId "2160767911052470"]
[EventDate "2004.11.22"]
[EventType "swiss"]
[EventRounds "5"]
[EventCountry "CAN"]
[SourceTitle "EXT 2006"]
[Source "ChessBase"]
[SourceDate "2005.11.24"]
[SourceVersion "1"]
[SourceVersionDate "2005.11.24"]
[SourceQuality "1"]

1. Nf3 d5 2. d4 Nf6 3. g3 e6 4. Bg2 Be7 5. O-O O-O 6. Nbd2 Nbd7 7. c4 c5 8. a3 a5 9. cxd5 exd5 10. dxc5 Nxc5 11. Nb3 Be6 12. Nbd4 Rc8 13. Nxe6 Nxe6 14. Ng5 h6 15. Nxe6 fxe6 16. Bh3 Rc6 17. Qd4 Ne4 18. Qe5 Rf6 19. Be3 Rg6 20. f3 Ng5 21. Bxg5 Bxg5 22. Rad1 Qf8 23. Bg4 h5 24. Bxh5 Bf4 25. Qd4 Rg5 26. Qxf4 Qxf4 27. Bg4 Qe3+ 0-1

[Event "Charlesbourg Millenium op"]
[Site "Charlesbourg CAN"]
[Date "2004.11.29"]
[Round "2"]
[White "Lessard, Claude"]
[Black "Theriault, Jean-Louis"]
[Result "1-0"]
[WhiteElo "1948"]
[BlackElo "1607"]
[PlyCount "121"]
[GameId "2160767911052471"]
[EventDate "2004.11.22"]
[EventType "swiss"]
[EventRounds "5"]
[EventCountry "CAN"]
[SourceTitle "EXT 2006"]
[Source "ChessBase"]
[SourceDate "2005.11.24"]
[SourceVersion "1"]
[SourceVersionDate "2005.11.24"]
[SourceQuality "1"]

1. d4 f5 2. e4 fxe4 3. f3 Nf6 4. Bg5 d5 5. Bxf6 exf6 6. fxe4 dxe4 7. Bc4 Qd6 8. c3 Bd7 9. Qb3 Nc6 10. Bf7+ Ke7 11. Bg8 Be8 12. Nd2 f5 13. Nc4 Qg6 14. Ne3 Rxg8 15. Ne2 Bf7 16. Qxb7 Rd8 17. O-O Ke8 18. Rxf5 Bd6 19. Qxc6+ Rd7 20. Qxe4+ Re7 21. Qf3 Kd7 22. Ng4 Rge8 23. Ne5+ Bxe5 24. dxe5 Qb6+ 25. Kh1 Be6 26. Rf4 c6 27. Rb4 Qa6 28. Nd4 Bd5 29. e6+ Kc8 30. Qf4 Rc7 31. Re1 Qd3 32. e7 Qg6 33. Qf5+ Qxf5 34. Nxf5 Kd7 35. Nxg7 Rxe7 36. Rxe7+ Kxe7 37. Nf5+ Ke6 38. Nd4+ Kf6 39. Ra4 Rb7 40. b3 c5 41. Nf3 c4 42. b4 Re7 43. Kg1 Re3 44. Ra6+ Kf5 45. Nd4+ Ke4 46. Nb5 Kd3 47. Rd6 Re1+ 48. Kf2 Re2+ 49. Kf1 Re5 50. Nc7 Kxc3 51. Nxd5+ Kb2 52. a4 c3 53. Nxc3 Kxc3 54. Rd7 Rh5 55. b5 Kb4 56. Rxa7 Rxh2 57. b6 Rh6 58. a5 Rf6+ 59. Ke2 Rf8 60. a6 Kb5 61. b7 1-0

[Event "Charlesbourg Millenium op"]
[Site "Charlesbourg CAN"]
[Date "2004.11.29"]
[Round "2"]
[White "Renzo, Alain"]
[Black "Turcot, Jean"]
[Result "0-1"]
[WhiteElo "1155"]
[BlackElo "1504"]
[PlyCount "108"]
[GameId "2160767911052472"]
[EventDate "2004.11.22"]
[EventType "swiss"]
[EventRounds "5"]
[EventCountry "CAN"]
[SourceTitle "EXT 2006"]
[Source "ChessBase"]
[SourceDate "2005.11.24"]
[SourceVersion "1"]
[SourceVersionDate "2005.11.24"]
[SourceQuality "1"]

1. e4 c5 2. Nc3 Nc6 3. g3 Nf6 4. Bg2 g6 5. d3 Bg7 6. Be3 d6 7. f4 Ng4 8. Bd2 Bd4 9. Qe2 Bf2+ 10. Kf1 Nd4 11. Qd1 Be3 12. Nh3 O-O 13. Nd5 Bxd2 14. Qxd2 e5 15. c3 Qa5 16. Qc1 Nc6 17. Ng5 f6 18. h3 fxg5 19. hxg4 Bxg4 20. Bh3 Bxh3+ 21. Rxh3 Qd8 22. Ke2 gxf4 23. gxf4 exf4 24. Nxf4 Qg5 25. Rf3 Qg4 26. Ke3 Ne5 27. Rf2 Qg3+ 28. Ke2 Rf6 29. Qd2 Raf8 30. Raf1 Qg4+ 31. Ke1 g5 32. Nd5 Nf3+ 33. Rxf3 Rxf3 34. Ne7+ Kh8 35. Nf5 Rxf1+ 36. Kxf1 Rxf5+ 37. exf5 Qxf5+ 38. Ke1 h6 39. c4 b6 40. d4 cxd4 41. Qxd4+ Qe5+ 42. Qxe5+ dxe5 43. b4 Kg7 44. a4 Kf7 45. Kd2 g4 46. c5 bxc5 47. bxc5 Ke6 48. Kc3 g3 49. Kb4 g2 50. c6 Kd6 51. Kb5 g1=Q 52. a5 Qc5+ 53. Ka6 Qxa5+ 54. Kxa5 Kxc6 0-1

[Event "Charlesbourg Millenium op"]
[Site "Charlesbourg CAN"]
[Date "2004.12.06"]
[Round "3"]
[White "Arteau, Benoit"]
[Black "Lessard, Claude"]
[Result "0-1"]
[WhiteElo "1824"]
[BlackElo "1948"]
[PlyCount "80"]
[GameId "2160767911052473"]
[EventDate "2004.11.22"]
[EventType "swiss"]
[EventRounds "5"]
[EventCountry "CAN"]
[SourceTitle "EXT 2006"]
[Source "ChessBase"]
[SourceDate "2005.11.24"]
[SourceVersion "1"]
[SourceVersionDate "2005.11.24"]
[SourceQuality "1"]

1. d4 Nf6 2. c4 c5 3. d5 b5 4. Qc2 g6 5. e4 d6 6. cxb5 a6 7. Bd2 Bg7 8. Bc3 O-O 9. Nf3 Nbd7 10. bxa6 Qb6 11. Nfd2 Bxa6 12. Nc4 Qb7 13. Bd3 Bxc4 14. Bxc4 Nb6 15. Nd2 Na4 16. Bb3 Nxc3 17. bxc3 Ng4 18. O-O Ne5 19. f4 Ng4 20. Nc4 Qa7 21. h3 Ne3 22. Nxe3 c4 23. Bxc4 Qxe3+ 24. Kh1 Rfc8 25. Rf3 Qb6 26. Bb3 Qa5 27. Rc1 Rf8 28. g4 Kh8 29. f5 Rae8 30. c4 Be5 31. Rcf1 Kg7 32. Qf2 f6 33. Qc2 g5 34. Qf2 h5 35. gxh5 Rh8 36. Rd1 Rxh5 37. Rdd3 Reh8 38. Qd2 Rxh3+ 39. Rxh3 Rxh3+ 40. Kg1 Qc5+ 0-1

[Event "Charlesbourg Millenium op"]
[Site "Charlesbourg CAN"]
[Date "2004.12.06"]
[Round "3"]
[White "Bluteau, Yvon"]
[Black "Fecteau, Martin"]
[Result "0-1"]
[WhiteElo "1698"]
[BlackElo "1934"]
[PlyCount "36"]
[GameId "2160767911052474"]
[EventDate "2004.11.22"]
[EventType "swiss"]
[EventRounds "5"]
[EventCountry "CAN"]
[SourceTitle "EXT 2006"]
[Source "ChessBase"]
[SourceDate "2005.11.24"]
[SourceVersion "1"]
[SourceVersionDate "2005.11.24"]
[SourceQuality "1"]

1. d4 d5 2. Nf3 Nf6 3. Bf4 e6 4. e3 Bd6 5. Ne5 c6 6. Nd2 O-O 7. Bd3 Qe7 8. g4 Nfd7 9. h4 f6 10. Nxd7 Nxd7 11. Bxd6 Qxd6 12. f4 e5 13. O-O exd4 14. exd4 Re8 15. Qf3 Nf8 16. Rae1 Bd7 17. f5 Qb4 18. Nb3 Rxe1 0-1

[Event "Charlesbourg Millenium op"]
[Site "Charlesbourg CAN"]
[Date "2004.12.06"]
[Round "3"]
[White "Bourassa, Samuel"]
[Black "Laflamme, Simon"]
[Result "0-1"]
[WhiteElo "1587"]
[BlackElo "1903"]
[PlyCount "94"]
[GameId "2160767911052475"]
[EventDate "2004.11.22"]
[EventType "swiss"]
[EventRounds "5"]
[EventCountry "CAN"]
[SourceTitle "EXT 2006"]
[Source "ChessBase"]
[SourceDate "2005.11.24"]
[SourceVersion "1"]
[SourceVersionDate "2005.11.24"]
[SourceQuality "1"]

1. e4 c5 2. Nc3 e6 3. f4 Ne7 4. Nf3 d5 5. d4 cxd4 6. Nxd4 dxe4 7. Nxe4 Nec6 8. Be3 Qd5 9. Ng3 Nxd4 10. Qxd4 Qxd4 11. Bxd4 Nc6 12. Bc3 Bb4 13. Bxb4 Nxb4 14. Bb5+ Ke7 15. Ba4 b5 16. a3 Nd5 17. Bxb5 Rb8 18. Bc6 Nxf4 19. O-O-O Rb6 20. Bf3 Ba6 21. Rd2 Rhb8 22. b3 Bc4 23. Rhd1 Bd5 24. Nf5+ Kf6 25. Ne3 Bxf3 26. gxf3 R6b7 27. Rd7 h5 28. Nc4 Nd5 29. Rxb7 Rxb7 30. h4 Rc7 31. Rg1 Nf4 32. Kd2 Rc5 33. Ke3 Ng6 34. Rh1 e5 35. Rh2 Rd5 36. Kf2 Rd4 37. Kg3 Ke6 38. Nb2 Ne7 39. Nd3 Nf5+ 40. Kf2 Rxh4 41. Rxh4 Nxh4 42. c4 Nf5 43. c5 Nd4 44. b4 Kd5 45. f4 e4 46. Ne5 f6 47. Ng6 Nf5 0-1

[Event "Charlesbourg Millenium op"]
[Site "Charlesbourg CAN"]
[Date "2004.12.06"]
[Round "3"]
[White "Turcot, Jean"]
[Black "Gago, Nelson"]
[Result "0-1"]
[WhiteElo "1504"]
[BlackElo "1852"]
[PlyCount "56"]
[GameId "2160767911052476"]
[EventDate "2004.11.22"]
[EventType "swiss"]
[EventRounds "5"]
[EventCountry "CAN"]
[SourceTitle "EXT 2006"]
[Source "ChessBase"]
[SourceDate "2005.11.24"]
[SourceVersion "1"]
[SourceVersionDate "2005.11.24"]
[SourceQuality "1"]

1. b4 e5 2. Bb2 e4 3. e3 Nf6 4. a3 d5 5. d3 Bd6 6. c4 c6 7. h3 O-O 8. Nd2 Qe7 9. Bxf6 Qxf6 10. dxe4 dxc4 11. Ngf3 b5 12. e5 Bxe5 13. Nxe5 Qxe5 14. Be2 Rd8 15. O-O Bf5 16. Nxc4 Qf6 17. Nd2 Nd7 18. Qc1 Ne5 19. Ra2 Qg6 20. Rd1 Bxh3 21. Bf1 Bxg2 22. Bxg2 Rd6 23. Qc2 Qg4 24. f3 Qg3 25. Kf1 Rad8 26. Qf5 Nc4 27. Qc5 Nxd2+ 28. Rdxd2 Rxd2 0-1

[Event "Charlesbourg Millenium op"]
[Site "Charlesbourg CAN"]
[Date "2004.12.13"]
[Round "4"]
[White "Bourassa, Samuel"]
[Black "Arteau, Benoit"]
[Result "1-0"]
[WhiteElo "1587"]
[BlackElo "1824"]
[PlyCount "95"]
[GameId "2160767911052477"]
[EventDate "2004.11.22"]
[EventType "swiss"]
[EventRounds "5"]
[EventCountry "CAN"]
[SourceTitle "EXT 2006"]
[Source "ChessBase"]
[SourceDate "2005.11.24"]
[SourceVersion "1"]
[SourceVersionDate "2005.11.24"]
[SourceQuality "1"]

1. e4 c5 2. Nc3 Nc6 3. f4 e6 4. Nf3 g6 5. d4 cxd4 6. Nxd4 Bg7 7. Be3 a6 8. Be2 Nge7 9. g4 b5 10. a3 Bb7 11. O-O d5 12. e5 Rc8 13. Bd3 Nxd4 14. Bxd4 Nc6 15. Ne2 Nxd4 16. Nxd4 Qb6 17. c3 O-O 18. g5 a5 19. Bxb5 Rc5 20. a4 Rfc8 21. Rf2 Ba6 22. Kg2 Bf8 23. Bxa6 Qxa6 24. Rd2 Rc4 25. Qe2 Qb7 26. Kg3 Qd7 27. Nb5 h5 28. h4 Bc5 29. b3 Re4 30. Qxe4 Qxb5 31. axb5 dxe4 32. Rad1 Bb6 33. c4 a4 34. Re2 e3 35. bxa4 Rxc4 36. Ra1 Ba5 37. Rxe3 Bd2 38. Rf3 Ba5 39. Rd3 Kf8 40. Rb1 Bb6 41. a5 Bxa5 42. b6 Rc8 43. b7 Rb8 44. Ra3 Bc7 45. Ra8 Ke8 46. Rc1 Kd7 47. Rxb8 Bxb8 48. Rc8 1-0

[Event "Charlesbourg Millenium op"]
[Site "Charlesbourg CAN"]
[Date "2004.12.13"]
[Round "4"]
[White "Caron, Sebastien"]
[Black "Beaudoin, Stephane"]
[Result "0-1"]
[WhiteElo "1833"]
[BlackElo "2086"]
[PlyCount "74"]
[GameId "2160767911052478"]
[EventDate "2004.11.22"]
[EventType "swiss"]
[EventRounds "5"]
[EventCountry "CAN"]
[SourceTitle "EXT 2006"]
[Source "ChessBase"]
[SourceDate "2005.11.24"]
[SourceVersion "1"]
[SourceVersionDate "2005.11.24"]
[SourceQuality "1"]

1. e4 g6 2. d4 Bg7 3. f4 d6 4. Nf3 Nf6 5. Bd3 O-O 6. O-O Na6 7. c3 c5 8. e5 Nd5 9. Be4 Nb6 10. a3 Qc7 11. Nbd2 cxd4 12. cxd4 Be6 13. Ng5 Bd5 14. Bxd5 Nxd5 15. Nde4 Qb6 16. Kh1 Rac8 17. Qf3 h6 18. Nh3 dxe5 19. dxe5 Nc5 20. Nxc5 Qxc5 21. Re1 e6 22. Nf2 Qa5 23. Be3 Rc2 24. b4 Qa4 25. Rac1 Rxc1 26. Rxc1 Qxa3 27. Bd2 Qb2 28. Qd1 Qd4 29. Ng4 Nxf4 30. Bxf4 Qxf4 31. Rc7 h5 32. Qf3 Qxg4 33. Qxg4 hxg4 34. Rxb7 Bxe5 35. Rxa7 Rc8 36. g3 Rc1+ 37. Kg2 Rc2+ 0-1

[Event "Charlesbourg Millenium op"]
[Site "Charlesbourg CAN"]
[Date "2004.12.13"]
[Round "4"]
[White "Fecteau, Martin"]
[Black "Coulon, Dominic"]
[Result "1-0"]
[WhiteElo "1934"]
[BlackElo "1716"]
[PlyCount "49"]
[GameId "2160767911052479"]
[EventDate "2004.11.22"]
[EventType "swiss"]
[EventRounds "5"]
[EventCountry "CAN"]
[SourceTitle "EXT 2006"]
[Source "ChessBase"]
[SourceDate "2005.11.24"]
[SourceVersion "1"]
[SourceVersionDate "2005.11.24"]
[SourceQuality "1"]

1. e4 e6 2. d4 d5 3. Nc3 Nf6 4. e5 Nfd7 5. f4 c5 6. Nf3 Nc6 7. Be3 cxd4 8. Nxd4 a6 9. Qd2 Bc5 10. O-O-O Nxd4 11. Bxd4 O-O 12. Ne2 b5 13. g4 Qc7 14. Bg2 a5 15. Bxc5 Nxc5 16. Nd4 Ba6 17. Kb1 b4 18. Rhe1 Rfc8 19. f5 Rab8 20. f6 Na4 21. Qg5 Kf8 22. Qxg7+ Ke8 23. Qg8+ Kd7 24. Qxf7+ Kd8 25. Nxe6# 1-0

[Event "Charlesbourg Millenium op"]
[Site "Charlesbourg CAN"]
[Date "2004.12.13"]
[Round "4"]
[White "Gagnon, Francois"]
[Black "Cote, Jocelyn"]
[Result "1-0"]
[WhiteElo "1401"]
[BlackElo "1746"]
[PlyCount "61"]
[GameId "2160767911052480"]
[EventDate "2004.11.22"]
[EventType "swiss"]
[EventRounds "5"]
[EventCountry "CAN"]
[SourceTitle "EXT 2006"]
[Source "ChessBase"]
[SourceDate "2005.11.24"]
[SourceVersion "1"]
[SourceVersionDate "2005.11.24"]
[SourceQuality "1"]

1. e4 e6 2. d4 d5 3. Nc3 Nf6 4. Bg5 Be7 5. e5 Nfd7 6. h4 Bxg5 7. hxg5 Qxg5 8. Qd3 Nf8 9. Nf3 Qe7 10. O-O-O a6 11. Qe3 Nc6 12. Nh4 Ng6 13. Nxg6 fxg6 14. Bd3 Qf8 15. Rxh7 Ne7 16. Rdh1 Rg8 17. Qg5 Qf7 18. R1h3 Qxf2 19. Rf3 Qg1+ 20. Rf1 Qxd4 21. Bxg6+ Nxg6 22. Qxg6+ Kd7 23. Qf7+ Kc6 24. Qxg8 Qe3+ 25. Kb1 Qxe5 26. Qxg7 Qd6 27. Na4 b5 28. Qc3+ Kb7 29. Rff7 bxa4 30. Rxc7+ Kb6 31. Qd4+ 1-0

[Event "Charlesbourg Millenium op"]
[Site "Charlesbourg CAN"]
[Date "2004.12.13"]
[Round "4"]
[White "Gago, Nelson"]
[Black "Boissinot, Claude"]
[Result "1/2-1/2"]
[WhiteElo "1852"]
[BlackElo "1524"]
[PlyCount "138"]
[GameId "2160767911052481"]
[EventDate "2004.11.22"]
[EventType "swiss"]
[EventRounds "5"]
[EventCountry "CAN"]
[SourceTitle "EXT 2006"]
[Source "ChessBase"]
[SourceDate "2005.11.24"]
[SourceVersion "1"]
[SourceVersionDate "2005.11.24"]
[SourceQuality "1"]

1. c4 d5 2. Nf3 dxc4 3. Qa4+ Nc6 4. Ne5 Bd7 5. Nxd7 Qxd7 6. Qxc4 e6 7. Nc3 a6 8. g3 b5 9. Qe4 Nf6 10. Qf3 Rd8 11. Bg2 Nd4 12. Qd3 b4 13. Ne4 Be7 14. O-O a5 15. Qc4 O-O 16. e3 Nxe4 17. Bxe4 Nf5 18. Bg2 Nd6 19. Qa6 Qb5 20. Qc6 Qxc6 21. Bxc6 Bf6 22. f4 Nc4 23. d4 Rd6 24. Bb5 Nb6 25. a3 c6 26. Be2 Nd7 27. axb4 axb4 28. Ra6 Rb8 29. Bf3 Rb6 30. Ra7 Nb8 31. Ra8 Rd8 32. Rf2 Be7 33. Rc2 g6 34. Rc4 Kg7 35. Kf2 f6 36. Ke2 f5 37. Bd2 h6 38. Ra4 Kf6 39. Bxb4 Bxb4 40. Raxb4 Rxb4 41. Rxb4 Rc8 42. Rc4 Ke7 43. d5 c5 44. dxe6 Kxe6 45. e4 Rc7 46. b4 Na6 47. bxc5 Rxc5 48. exf5+ gxf5 49. Rd4 Rc2+ 50. Rd2 Rxd2+ 51. Kxd2 Nc5 52. Kc3 Nd7 53. Kd4 Nf6 54. h3 Kd6 55. g4 fxg4 56. hxg4 Nh7 57. Ke4 Ke6 58. Bd1 Kf6 59. Bc2 Nf8 60. Kf3 Ne6 61. Kg3 Ng7 62. Bb3 Kg6 63. Kh4 Kf6 64. Kg3 Ne8 65. Kh4 Ng7 66. Ba2 Kg6 67. Kh3 Kf6 68. Bb3 Kg6 69. f5+ Kg5 1/2-1/2

[Event "Charlesbourg Millenium op"]
[Site "Charlesbourg CAN"]
[Date "2004.12.13"]
[Round "4"]
[White "Laflamme, Simon"]
[Black "Lessard, Claude"]
[Result "0-1"]
[WhiteElo "1903"]
[BlackElo "1948"]
[PlyCount "68"]
[GameId "2160767911052482"]
[EventDate "2004.11.22"]
[EventType "swiss"]
[EventRounds "5"]
[EventCountry "CAN"]
[SourceTitle "EXT 2006"]
[Source "ChessBase"]
[SourceDate "2005.11.24"]
[SourceVersion "1"]
[SourceVersionDate "2005.11.24"]
[SourceQuality "1"]

1. e4 e6 2. d4 d5 3. Nc3 Nf6 4. e5 Nfd7 5. f4 c5 6. Nf3 Qb6 7. Na4 Qa5+ 8. c3 cxd4 9. b4 Qc7 10. Nxd4 Nc6 11. Be3 a6 12. Be2 Be7 13. O-O O-O 14. Bg4 Nxd4 15. Bxd4 b5 16. Nb2 Nb8 17. Nd3 Nc6 18. Bc5 Bxc5+ 19. Nxc5 Qb6 20. Rf3 Rd8 21. Qe1 d4 22. Rd1 a5 23. cxd4 axb4 24. Qe4 Rxa2 25. Rh3 h6 26. Nb3 Bb7 27. Rhd3 Nxd4 28. Qe3 Rxg2+ 29. Kf1 Rxg4 30. Nxd4 Bd5 31. h3 Rg6 32. Nf5 Qxe3 33. Ne7+ Kh7 34. Rxe3 Bc4+ 0-1

[Event "Charlesbourg Millenium op"]
[Site "Charlesbourg CAN"]
[Date "2004.12.20"]
[Round "5"]
[White "Bluteau, Yvon"]
[Black "Chevalier, Philippe"]
[Result "0-1"]
[WhiteElo "1698"]
[BlackElo "1570"]
[PlyCount "59"]
[GameId "2160767911052483"]
[EventDate "2004.11.22"]
[EventType "swiss"]
[EventRounds "5"]
[EventCountry "CAN"]
[SourceTitle "EXT 2006"]
[Source "ChessBase"]
[SourceDate "2005.11.24"]
[SourceVersion "1"]
[SourceVersionDate "2005.11.24"]
[SourceQuality "1"]

1. d4 Nf6 2. Nf3 c5 3. g3 d5 4. dxc5 Nc6 5. Bg2 e5 6. O-O Bxc5 7. e3 Bf5 8. Nc3 Qd7 9. b3 O-O-O 10. Na4 Be7 11. Bb2 Bg4 12. Qc1 e4 13. Nd4 h5 14. Nxc6 bxc6 15. c4 Kb8 16. Be5+ Ka8 17. c5 h4 18. Qa3 Qe6 19. Bc7 hxg3 20. fxg3 Bf3 21. Bxf3 Qh3 22. Qb2 exf3 23. Rxf3 Rd7 24. Be5 Ng4 25. Bd4 Nxh2 26. Qf2 Nxf3+ 27. Qxf3 Qh2+ 28. Kf1 Qh1+ 29. Ke2 Rh2+ 30. Kd3 0-1

[Event "Charlesbourg Millenium op"]
[Site "Charlesbourg CAN"]
[Date "2004.12.20"]
[Round "5"]
[White "Bonneau, Daniel"]
[Black "Gagnon, Francois"]
[Result "1-0"]
[WhiteElo "1960"]
[BlackElo "1401"]
[PlyCount "63"]
[GameId "2160767911052484"]
[EventDate "2004.11.22"]
[EventType "swiss"]
[EventRounds "5"]
[EventCountry "CAN"]
[SourceTitle "EXT 2006"]
[Source "ChessBase"]
[SourceDate "2005.11.24"]
[SourceVersion "1"]
[SourceVersionDate "2005.11.24"]
[SourceQuality "1"]

1. e4 c5 2. Nf3 Nc6 3. d4 cxd4 4. Nxd4 Nf6 5. Nc3 e5 6. Ndb5 d6 7. Bg5 a6 8. Bxf6 gxf6 9. Na3 f5 10. exf5 Bxf5 11. Nd5 Bg7 12. c3 Be6 13. Be2 O-O 14. Nc4 b5 15. Nce3 f5 16. O-O f4 17. Nc2 e4 18. Bg4 Bxg4 19. Qxg4 Ne5 20. Qe2 f3 21. Qxe4 Qg5 22. g3 Rae8 23. h4 Qh5 24. Nc7 Ng6 25. Nxe8 Be5 26. Ne3 Rxe8 27. Qg4 Qh6 28. Rad1 Kh8 29. Nf5 Qf8 30. Rd5 Qf7 31. Rfd1 Rg8 32. Nh6 1-0

[Event "Charlesbourg Millenium op"]
[Site "Charlesbourg CAN"]
[Date "2004.12.20"]
[Round "5"]
[White "Caron, Sebastien"]
[Black "Bourassa, Samuel"]
[Result "1-0"]
[WhiteElo "1833"]
[BlackElo "1587"]
[PlyCount "57"]
[GameId "2160767911052485"]
[EventDate "2004.11.22"]
[EventType "swiss"]
[EventRounds "5"]
[EventCountry "CAN"]
[SourceTitle "EXT 2006"]
[Source "ChessBase"]
[SourceDate "2005.11.24"]
[SourceVersion "1"]
[SourceVersionDate "2005.11.24"]
[SourceQuality "1"]

1. e4 g6 2. d4 Bg7 3. f4 d6 4. Nf3 Nf6 5. Bd3 O-O 6. O-O c5 7. c3 Qb6 8. Kh1 Nfd7 9. d5 e6 10. dxe6 fxe6 11. Bc4 Re8 12. f5 gxf5 13. exf5 Nf6 14. fxe6 Bxe6 15. Bxe6+ Rxe6 16. Ng5 Re7 17. Nd2 d5 18. Ndf3 Nc6 19. Nh4 Rae8 20. Nf5 Rd7 21. Re1 Ne7 22. Ng3 d4 23. Nh5 Nxh5 24. Re6 Ng3+ 25. hxg3 Rd6 26. Qh5 Rxe6 27. Qxe8+ Bf8 28. Qf7+ Kh8 29. Qxh7# 1-0

[Event "Charlesbourg Millenium op"]
[Site "Charlesbourg CAN"]
[Date "2004.12.20"]
[Round "5"]
[White "Gaudreau, Eric"]
[Black "Gago, Nelson"]
[Result "0-1"]
[WhiteElo "1628"]
[BlackElo "1852"]
[PlyCount "56"]
[GameId "2160767911052486"]
[EventDate "2004.11.22"]
[EventType "swiss"]
[EventRounds "5"]
[EventCountry "CAN"]
[SourceTitle "EXT 2006"]
[Source "ChessBase"]
[SourceDate "2005.11.24"]
[SourceVersion "1"]
[SourceVersionDate "2005.11.24"]
[SourceQuality "1"]

1. Nf3 d5 2. d4 Nf6 3. Bg5 e6 4. e3 Be7 5. Bd3 b6 6. Nbd2 Bb7 7. O-O Nbd7 8. Re1 O-O 9. c3 c5 10. e4 dxe4 11. Nxe4 Rc8 12. Qe2 cxd4 13. cxd4 Nd5 14. Nd6 Bxg5 15. Nxb7 Qe7 16. Nxg5 Qxg5 17. Qe4 N7f6 18. Qf3 Nb4 19. Nd6 Rc7 20. Ne4 Nxe4 21. Qxe4 Nxd3 22. Qxd3 Rfc8 23. Rad1 Rc2 24. Re2 Rc1 25. Red2 Qd5 26. a3 Qa2 27. Qb5 Qb1 28. Qd3 R8c2 0-1